Подробности
| 000 -МАРКЕР |
| контрольное поле |
02712nam0a22003851 4500 |
| 001 - ИДЕНТИФИКАТОР ЗАПИСИ |
| контрольное поле |
v19\rc\1408587 |
| 005 - ИДЕНТИФИКАТОР ВЕРСИИ |
| контрольное поле |
20260406140935.0 |
| 035 ## - ДРУГИЕ СИСТЕМНЫЕ НОМЕРА |
| Идентификатор записи |
(NLR Aleph) 005206655 |
| 100 ## - ДАННЫЕ ОБЩЕЙ ОБРАБОТКИ |
| Данные общей обработки |
20060512e18781878|||y0rusy50 ca |
| 101 0# - ЯЗЫК РЕСУРСА |
| Язык текста, звукозаписи и т.д. |
русский |
| 102 ## - СТРАНА ПУБЛИКАЦИИ ИЛИ ПРОИЗВОДСТВА |
| Страна публикации |
Российская Федерация |
| 105 ## - ПОЛЕ КОДИРОВАННЫХ ДАННЫХ: ТЕКСТОВЫЕ МАТЕРИАЛЫ, МОНОГРАФИЧЕСКИЕ |
| Кодированные данные о монографическом текстовом документе |
y z ||||| |
| 200 1# - ЗАГЛАВИЕ И СВЕДЕНИЯ ОБ ОТВЕТСТВЕННОСТИ |
| Основное заглавие |
Краткое сказание о славянах (особенно о болгарах), т. е. об их происхождении, обычаях, веровании и проч., и о притеснениях от турок |
| Сведения, относящиеся к заглавию |
Сост. для чтения простого народа из Летописи св. Димитрия Ростовского, из истории г-на Иловайского, Рождественского, из брош. г-на Долинского, Оброка и др. источников А. Вышгородский |
| 205 ## - СВЕДЕНИЯ ОБ ИЗДАНИИ |
| Сведения об издании |
2-е изд., испр. и доп. |
| 210 ## - ПУБЛИКАЦИЯ, РАСПРОСТРАНЕНИЕ И ДР. |
| Место издания, распространения и т.д. |
Рязань |
| Имя издателя, распространителя и т. д. |
тип. насл. З.П. Позняковой |
| Дата издания, распространения и т.д. |
1878 |
| 215 ## - ФИЗИЧЕСКАЯ ХАРАКТЕРИСТИКА |
| Специфическое обозначение материала и объем |
84 с. |
| Размеры |
21 |
| 488 #0 - ДРУГИЕ ВЗАИМОСВЯЗАННЫЕ ПРОИЗВЕДЕНИЯ (ДОКУМЕНТЫ) |
| Встроенное поле |
2001#$aЛетопись |
| -- |
700#0$33262$aДимитрий Ростовский$cТуптало, Даниил Саввич, митрополит$f1651-1709 |
| Заглавие |
Летопись |
| Автор |
Димитрий Ростовский (Туптало, Даниил Саввич, митрополит ; 1651-1709) |
| 532 13 - РАСШИРЕННОЕ ЗАГЛАВИЕ |
| Заглавие |
Краткое сказание о славянах особенно о болгарах, т. е. об их происхождении, обычаях, веровании и проч., и о притеснениях от турок |
| 700 #1 - ИМЯ ЛИЦА - ПЕРВИЧНАЯ ОТВЕТСТВЕННОСТЬ |
| Начальный элемент ввода |
Вышгородский |
| Часть имени, кроме начального элемента ввода |
А. |
| Код отношения |
Составитель |
| 702 #1 - ИМЯ ЛИЦА - ВТОРИЧНАЯ ОТВЕТСТВЕННОСТЬ |
| Начальный элемент ввода |
Рождественский |
| Часть имени, кроме начального элемента ввода |
С.Е. |
| Даты |
1834-1891 |
| Расширение инициалов личного имени |
Сергей Егорович |
| Код отношения |
Библиографический предшественник |
| 702 #1 - ИМЯ ЛИЦА - ВТОРИЧНАЯ ОТВЕТСТВЕННОСТЬ |
| Системный номер авторитетной/нормативной записи |
z02790 |
| Начальный элемент ввода |
Долинский |
| Часть имени, кроме начального элемента ввода |
А.И. |
| Расширение инициалов личного имени |
Аполлон Ипполитович |
| Код отношения |
Библиографический предшественник |
| 702 #1 - ИМЯ ЛИЦА - ВТОРИЧНАЯ ОТВЕТСТВЕННОСТЬ |
| Системный номер авторитетной/нормативной записи |
z03790 |
| Начальный элемент ввода |
Поливанова |
| Часть имени, кроме начального элемента ввода |
Е.Я. |
| Даты |
1849-1913 |
| Расширение инициалов личного имени |
Екатерина Яковлевна |
| Код отношения |
Библиографический предшественник |
| 702 #0 - ИМЯ ЛИЦА - ВТОРИЧНАЯ ОТВЕТСТВЕННОСТЬ |
| Код отношения |
Библиографический предшественник |
| Материалы, к которым относится поле |
rus |
| Графика поля |
Кириллица |
| Начальный элемент ввода |
Димитрий Ростовский |
| Дополнения к именам, кроме дат |
Туптало, Даниил Саввич |
| -- |
митрополит |
| Даты |
1651-1709 |
| Идентификатор авторитетной/нормативной записи |
RU\NLR\AUTH\773262 |
| Системный номер авторитетной/нормативной записи |
113268 |
| 702 #1 - ИМЯ ЛИЦА - ВТОРИЧНАЯ ОТВЕТСТВЕННОСТЬ |
| Код отношения |
Библиографический предшественник |
| Материалы, к которым относится поле |
rus |
| Графика поля |
Кириллица |
| Начальный элемент ввода |
Иловайский |
| Часть имени, кроме начального элемента ввода |
Д. И. |
| Дополнения к именам, кроме дат |
историк |
| Даты |
1832-1920 |
| Расширение инициалов личного имени |
Дмитрий Иванович |
| Идентификатор авторитетной/нормативной записи |
RU\NLR\AUTH\7720588 |
| Системный номер авторитетной/нормативной записи |
3656 |
| 790 #1 - ИМЯ ЛИЦА - АЛЬТЕРНАТИВНАЯ ФОРМА |
| Системный номер авторитетной/нормативной записи |
z01702 |
| Начальный элемент ввода |
Туптало |
| Часть имени, кроме начального элемента ввода |
Д.С. |
| Даты |
1651-1709 |
| Расширение инициалов личного имени |
Даниил Саввич |
| 790 #1 - ИМЯ ЛИЦА - АЛЬТЕРНАТИВНАЯ ФОРМА |
| Системный номер авторитетной/нормативной записи |
z02702 |
| Начальный элемент ввода |
Писанецкий |
| Часть имени, кроме начального элемента ввода |
А.И. |
| Расширение инициалов личного имени |
Аполон Ипполитович |
| 790 #0 - ИМЯ ЛИЦА - АЛЬТЕРНАТИВНАЯ ФОРМА |
| Системный номер авторитетной/нормативной записи |
z03702 |
| Начальный элемент ввода |
Оброк |
| Даты |
1849-1913 |
| 801 #0 - ИСТОЧНИК ЗАПИСИ |
| Страна |
Российская Федерация |
| Организация |
NLR |
| Дата составления |
20060512 |
| Правила каталогизации |
psbo |
| 801 #0 - ИСТОЧНИК ЗАПИСИ |
| Страна |
Российская Федерация |
| Организация |
RuMoRGB |
| Дата составления |
20060512 |
| Источник данных |
psbo |
| 801 #1 - ИСТОЧНИК ЗАПИСИ |
| Страна |
Российская Федерация |
| Организация |
ProSoft-M |
| Дата составления |
20060512 |
| Источник данных |
rusmarc |
| 801 #2 - ИСТОЧНИК ЗАПИСИ |
| Страна |
Российская Федерация |
| Организация |
NLR |
| Дата составления |
20070118 |
| Источник данных |
rusmarc |
| 852 ## - МЕСТОНАХОЖДЕНИЕ И ШИФР ХРАНЕНИЯ |
| Идентификатор организации |
NLR |
| Шифр хранения (Call Number) |
18.20.2.38 |
| 942 ## - ДОПОЛНИТЕЛЬНЫЕ ЭЛЕМЕНТЫ ЗАПИСИ (АБИС) |
| Тип экземпляра АБИС |
Книга |
| 980 ## - КОЛЛЕКЦИЯ |
| Название коллекции |
Национальная библиография |